LEADER 00865nam a2200229 4500 001 000000355935 003 CaOOAMICUS 005 20231025105646.0 008 231025s2019 it 000 u ita r 040 $aSeMil$bita 100 1 $aAramburu, Fernando,$d<1959- >.$0(OLS)http://semarc/name/118577 245 10$aPatria /$cFernando Aramburu. 264 1$aRoma :$bLa Repubblica-L'Espresso,$c2019. 300 $a634 p. ;$c22 cm 490 1 $aLa biblioteca del mondo ;$v13 830 3$aLa biblioteca del mondo ;$v13.$0(OLS)http://semarc/title/445859 850 $aSeMil 852 $aSeMil$W1$xVenegono$y1$m1T IV 36$j244241$B247123$CSeMilBibl$Z2$F247123 $81 961 $aComo don Giuseppe - Omaggio 996 $6245$aPatria$9(OLS)http://semarc/title/242808 996 $6264$aRoma :$bLa Repubblica-L'Espresso$9(OLS)http://semarc/publisher/61309 LEADER 01352nam a2200301 i 4500 001 000000108624 003 CaOOAMICUS 005 20021003000000.0 008 021003s1999 it u000 u ita u 013 $a81304 020 $a88-459-1394-5 040 $aSeMil$bita 100 0 $aEckhart,$c.$0(OLS)http://semarc/name/89129 245 10$aDell'uomo nobile :$btrattati /$cMeister Eckhart ; a cura di Marco Vannini. 260 $aMilano :$bAdelphi,$c1999. 300 $a241 p. ;$c18 cm. 490 0 $aPiccola Biblioteca Adelphi ;$v425 500 $aContiene : Istruzioni spirituali ; Del distacco ; Il libro della consolazione divina ; Dell'uomo nobile. - Fondo Card. C.M. Martini. 600 04$aEckhart : Meister .$0(OLS)http://semarc/subject/8108 700 1 $aVannini, Marco,$d<1948- >.$0(OLS)http://semarc/name/3166 830 0$aPiccola biblioteca Adelphi ;$v425.$0(OLS)http://semarc/title/7074 850 $aSeMil 852 $aSeMil$W1$xVenegono$y1$m2C II 600$j64699$B64699$CSeMilBibl$Z2$F101352 $81 941 1 $a4 961 $aAcquisto: Martini Card. Carlo Maria 996 $6020$a88-459-1394-5$9(OLS)http://semarc/number/89625 996 $6245$aDell'uomo nobile :$btrattati$9(OLS)http://semarc/title/157559 996 $6260$aMilano :$bAdelphi$9(OLS)http://semarc/publisher/30018